[Event "56th Rubinstein Memorial A 2020"]
[Site "Polanica Zdroj"]
[Date "2020.08.16"]
[Round "2.6"]
[White "Kucza, Karol"]
[Black "Wisniewski, Michal"]
[Result "1-0"]
[WhiteElo "2245"]
[BlackElo "2127"]
[Annotator "ChessBase"]
[PlyCount "79"]
[EventDate "2020.08.15"]
[EventType "swiss"]
[EventCountry "POL"]
[SourceTitle "playchess.com"]
[Source "ChessBase"]
[SourceQuality "1"]
[TimeControl "40/5400+30:1800+30"]

1. e4 {[%emt 0:00:00]} c5 {[%emt 0:06:21]} 2. Nf3 {[%emt 0:00:00]} d6 {[%emt 0:00:05]} 3. d4 {[%emt 0:00:00]} cxd4 {[%emt 0:00:05]} 4. Nxd4 {[%emt 0:00:00]} Nf6 {[%emt 0:00:05]} 5. Nc3 {[%emt 0:00:00]} a6 {[%emt 0:00:03]} 6. Bg5 {[%emt 0:00:00]} Nbd7 {[%emt 0:00:06]} 7. Qe2 {[%emt 0:00:16]} e5 {[%emt 0:02:40]} 8. Nf5 {[%emt 0:05:14]} h6 {[%emt 0:00:12]} 9. Bxf6 {[%emt 0:08:09]} Nxf6 {[%emt 0:08:22]} 10. O-O-O {[%emt 0:01:07]} g6 {[%emt 0:09:46]} 11. Ne3 {[%emt 0:00:44]} Be6 {[%emt 0:00:07]} 12. Qf3 {[%emt 0:11:23]} b5 {[%emt 0:10:15]} 13. Kb1 {[%emt 0:01:48]} Be7 {[%emt 0:08:41]} 14. Ncd5 {[%emt 0:05:48]} Bxd5 {[%emt 0:00:26]} 15. Nxd5 {[%emt 0:00:27]} Nxd5 {[%emt 0:00:07]} 16. Rxd5 {[%emt 0:00:05]} Qc7 {[%emt 0:00:15]} 17. h4 {[%emt 0:00:55]} O-O {[%emt 0:07:25]} 18. h5 {[%emt 0:03:01]} Kg7 {[%emt 0:00:06]} 19. g3 {[%emt 0:08:31]} Rac8 {[%emt 0:10:26]} 20. Qd3 {[%emt 0:01:34]} Qb6 {[%emt 0:01:09]} 21. Qd2 {[%emt 0:02:09]} Rh8 {[%emt 0:00:29]} 22. f4 {[%emt 0:03:33]} Rc5 {[%emt 0:01:15]} 23. hxg6 {[%emt 0:03:07]} fxg6 {[%emt 0:07:54]} 24. Bh3 {[%emt 0:04:10]} Rf8 {[%emt 0:06:48]} 25. Be6 {[%emt 0:03:45]} Rxd5 {[%emt 0:02:02]} 26. Bxd5 {[%emt 0:03:24]} Qd4 {[%emt 0:01:11]} 27. Qh2 {[%emt 0:01:08]} Rh8 {[%emt 0:11:23]} 28. f5 {[%emt 0:01:02]} Bg5 {[%emt 0:00:47]} 29. Qh3 {[%emt 0:02:40]} gxf5 {[%emt 0:00:41]} 30. Qxf5 {[%emt 0:00:22]} Qa7 {[%emt 0:00:02]} 31. Rf1 {[%emt 0:01:46]} Qe7 {[%emt 0:00:11]} 32. Bf7 {[%emt 0:02:54]} Qf6 {[%emt 0:01:09]} 33. Qh3 {[%emt 0:00:15]} Qe7 {[%emt 0:00:00]} 34. Qh5 {[%emt 0:00:14]} Rf8 {[%emt 0:00:01]} 35. Qg6+ {[%emt 0:00:08]} Kh8 {[%emt 0:00:01]} 36. a3 {[%emt 0:01:04]} a5 {[%emt 0:00:33]} 37. Rf5 {[%emt 0:00:46]} Rd8 {[%emt 0:01:46]} 38. Ka2 {[%emt 0:01:16]} b4 {[%emt 0:00:16]} 39. a4 {[%emt 0:00:48]} Qd7 {[%emt 0:01:42]} 40. Rxg5 {[%emt 0:00:00]} 1-0

[Event "56th Rubinstein Memorial A 2020"]
[Site "Polanica Zdroj"]
[Date "2020.08.16"]
[Round "2.7"]
[White "Vanduyfhuys, Daria"]
[Black "Bronowicki, Mateusz"]
[Result "1-0"]
[WhiteElo "1985"]
[BlackElo "2275"]
[Annotator "TA"]
[PlyCount "49"]
[EventDate "2020.08.15"]
[EventType "swiss"]
[EventCountry "POL"]
[SourceTitle "playchess.com"]
[Source "ChessBase"]
[SourceQuality "1"]

{[%evp 14,49,26,24,16,16,28,0,0,0,0,0,0,6,0,-9,19,13,101,43,51,41,81,75,85,68,328,336,340,328,302,306,420,411,859,860,812,784]} 1. d4 e6 2. c4 f5 3. Nf3 Nf6 4. Nc3 Bb4 5. Bd2 O-O 6. g3 b6 7. Bg2 Bb7 8. O-O Qe7 {A84: Dutch Defence: 2 c4 Miscellaneous.} 9. Rc1 d6 10. Qb3 Bxc3 {The position is equal.} 11. Bxc3 Nbd7 12. Rfd1 {[#]} a5 $146 ({Predecessor:} 12... Kh8 13. Bd2 e5 14. dxe5 Nxe5 15. Bg5 Nxf3+ 16. Bxf3 Bxf3 17. Qxf3 {½-½ (18) Martinez Romero,M (2409)-Vargas Arteaga,A (2278) Gachantiva 2016}) 13. Ne1 Ne4 14. Nd3 Kh8 15. Nf4 Rf6 (15... Rae8 $11) 16. Qc2 ({White should play} 16. c5 $16) 16... g5 17. Nd3 e5 18. b3 Raf8 19. Bb2 {Black must now prevent c5!} Rh6 $2 {[%mdl 8192] [#] Loses the game.} ({Black should try} 19... c5 $1 $14) 20. c5 $1 $18 {[%mdl 512]} bxc5 21. dxe5 dxe5 22. f3 Nef6 23. Nxc5 {[%mdl 64] Discovered Attack} Ba8 (23... Nxc5 $142 24. Qxc5 {[%mdl 64] Double Attack} Rf7) 24. Nxd7 {[%mdl 64] [#] Discovered Attack} Nxd7 25. Qxc7 {[%mdl 64] Double Attack. Accuracy: White = 86%, Black = 44%.} 1-0

[Event "56th Rubinstein Memorial A 2020"]
[Site "Polanica Zdroj"]
[Date "2020.08.16"]
[Round "2.8"]
[White "Kowalczyk, Rafal"]
[Black "Hasterok, Mateusz"]
[Result "1-0"]
[WhiteElo "2268"]
[BlackElo "2056"]
[Annotator "TA"]
[PlyCount "79"]
[EventDate "2020.08.15"]
[EventType "swiss"]
[EventCountry "POL"]
[SourceTitle "playchess.com"]
[Source "ChessBase"]
[SourceQuality "1"]

{[%evp 22,79,37,27,45,47,52,28,29,43,80,72,85,85,129,111,125,97,141,141,140,108,109,106,104,108,113,86,95,71,71,69,64,47,59,59,270,276,268,264,266,224,273,266,406,429,422,415,928,872,937,937,937,222,930,926,918,918,783,727]} 1. e4 c5 2. Nf3 e6 3. d4 cxd4 4. Nxd4 Nc6 5. Nc3 a6 6. Nxc6 bxc6 7. Bd3 d5 8. O-O Nf6 9. Re1 Be7 10. e5 Nd7 11. Qg4 g6 12. Bh6 Qc7 {B46: Sicilian: Taimanov: 5 Nc3 a6.} 13. Qh3 Rg8 {[#]} 14. Qg3 $146 ({Predecessor:} 14. Na4 Bb7 15. c4 d4 16. Qg3 c5 17. b3 Nb6 18. Nb2 a5 19. Bc2 a4 20. Nxa4 Nxa4 21. bxa4 {1-0 (33) Gokerkan,C (2390)-Bakhmatsky,V (2252) Celje 2016}) 14... Bb7 {White has an edge.} 15. Na4 Nc5 16. Nxc5 Bxc5 17. c4 d4 18. Qh4 a5 19. Re2 a4 20. Rc1 Qd7 21. Qg3 Bf8 22. Bxf8 $1 Kxf8 23. c5 $1 Kg7 24. Qf4 Rgd8 25. Qf6+ Kg8 26. h4 $36 {[%mdl 2048] White is more active.} Ba6 27. Rd1 Bxd3 28. Rxd3 Ra5 $2 {[#] A mistake that costs the game.} (28... Qa7 $14) 29. h5 $1 $18 {[%cal Rh5h6][%mdl 512] aiming for h6.} Qe8 {[#]} (29... gxh5 30. Qh6) 30. Re4 $1 Rxc5 {[#]} 31. Rh4 $1 {hxg6 would kill now.} ({Less strong is} 31. Rexd4 Rcd5 $14) ({Resist} 31. Rdxd4 $6 Rcd5 $16) 31... Rd7 32. Rdxd4 Rxd4 (32... Rcd5 {is a better defense.} 33. Rxa4 c5) 33. Rxd4 {[%mdl 4096] Endgame Threatens to win with h6. KQR-KQR} Rd5 34. Rxa4 {Black must now prevent h6.} gxh5 (34... Rd1+ $142 35. Kh2 Rd8) 35. Ra3 Qd8 36. Rg3+ Kf8 37. Qh8+ Ke7 38. Rg8 {White is clearly winning.} Qxg8 39. Qxg8 Rxe5 40. Qb8 {Accuracy: White = 90%, Black = 63%.} 1-0

[Event "56th Rubinstein Memorial A 2020"]
[Site "Polanica Zdroj"]
[Date "2020.08.16"]
[Round "2.9"]
[White "Chomczyk, Marek"]
[Black "Rogacewicz, Mikolaj"]
[Result "1-0"]
[WhiteElo "2221"]
[BlackElo "1970"]
[Annotator "TA"]
[PlyCount "69"]
[EventDate "2020.08.15"]
[EventType "swiss"]
[EventCountry "POL"]
[SourceTitle "playchess.com"]
[Source "ChessBase"]
[SourceQuality "1"]

{[%evp 13,68,-4,38,-45,60,67,63,64,135,139,155,40,89,98,87,83,83,69,118,82,103,84,117,117,470,221,228,242,236,243,237,166,326,63,82,47,340,100,549,540,634,627,635,635,612,614,654,670,637,620,1093,1064,1156,1101,995,980,29999]} 1. e4 e6 2. d4 d5 3. Nc3 Bb4 4. e5 c5 5. a3 Bxc3+ 6. bxc3 Ne7 7. Qg4 cxd4 8. Bd3 {C18: French: 3 Nc3 Bb4: Main line: 7 h4 and 7 Qg4.} (8. Qxg7 $14 Rg8 9. Qxh7) 8... h5 (8... dxc3 $6 9. Qxg7 Rg8 10. Qxh7 $14) (8... Qa5 $15 9. Ne2 Nd7) 9. Qxg7 $14 Rg8 {[#]} 10. Qh6 $146 {White is slightly better.} ({Predecessor:} 10. Qh7 Qc7 11. Ne2 dxc3 12. Bf4 Rxg2 13. Bg3 Nd7 14. Qh8+ Nf8 15. Nf4 Rxg3 16. hxg3 Bd7 17. Qf6 Bc6 18. Rxh5 O-O-O 19. Rh8 d4 20. Qg7 Nd7 21. Rxd8+ Qxd8 22. Qxf7 {1-0 (22) Schwertel,G-Meyer,T DESC email 1999}) 10... Qa5 (10... Qc7 $1 $14 11. Ne2 Nbc6) 11. Ne2 $16 Nbc6 12. Bf4 (12. O-O $16) 12... Bd7 13. O-O dxc3 14. Qxh5 O-O-O 15. Bg3 Rg7 16. Rfb1 Rdg8 17. Rb5 Qa4 18. Rab1 ({And not} 18. Nxc3 Qd4 $17) 18... Ng6 $2 {[%mdl 8192]} (18... b6 $16) 19. Nxc3 (19. Rxb7 $142 {Threatens to win with R7b3.} Qxa3 20. Qg5) 19... Qxa3 $18 20. R5b3 Qc5 21. Nb5 $1 {[%cal Rb5d6]} Kb8 22. Bf1 ({Not} 22. Nd6 b6 $14) 22... b6 $2 (22... Na5) 23. Qe2 $2 (23. Rc3 $18 Qf8 24. Qe2) 23... Na5 $14 24. Rb4 {And now Nxa7! would win.} Ne7 $2 {[%mdl 8192] [#]} (24... Bxb5 $1 $14 25. Rxb5 (25. Qxb5 Qxb5 26. Rxb5 Nc6 $11) 25... Qc3) 25. Nd6 $2 (25. Nxa7 $1 $18 {[%mdl 512] and the rest is easy.} Nc4 (25... Kxa7 26. Qa6+) 26. Qd1 Kxa7 27. Bxc4 {[%mdl 64] Pin}) 25... Nec6 $2 {[%mdl 8192]} (25... Nc8 $16 {is more resistant.}) 26. Rb5 $18 Qd4 {[#]} 27. c3 $1 {[%mdl 512]} Qxc3 {[#]} 28. Rxb6+ $1 {[%mdl 512]} axb6 29. Qa6 Na7 30. Qxb6+ Ka8 31. Ba6 {White threatens Bb7+ and mate.} Bc6 {[#] With the idea ...Rg4.} 32. Bc8 $1 {[%csl Gb1][%cal Rb6b8][%mdl 512]} Nb5 (32... Nxc8 33. Qb8#) 33. Nxb5 Bxb5 34. Qxb5 {[%csl Gb1][%cal Rb5b8]} f5 35. Qb8# {Accuracy: White = 50%, Black = 28%.} 1-0

[Event "56th Rubinstein Memorial A 2020"]
[Site "Polanica Zdroj"]
[Date "2020.08.16"]
[Round "2.10"]
[White "Golecki, Jan"]
[Black "Pultinevicius, Paulius"]
[Result "1-0"]
[WhiteElo "2106"]
[BlackElo "2512"]
[Annotator "RC"]
[PlyCount "95"]
[EventDate "2020.08.15"]
[EventType "swiss"]
[EventCountry "POL"]
[SourceTitle "playchess.com"]
[Source "ChessBase"]
[SourceQuality "1"]
[TimeControl "40/5400+30:1800+30"]

1. e4 {[%emt 0:00:00]} c6 {[%emt 0:00:00]} 2. d4 {[%emt 0:00:00]} d5 {[%emt 0:00:00]} 3. exd5 {[%emt 0:00:00]} cxd5 {[%emt 0:00:00]} 4. Bd3 {[%emt 0:00:00]} Nc6 {[%emt 0:00:00]} 5. c3 {[%emt 0:00:00]} Nf6 {[%emt 0:00:00]} 6. Bf4 {[%emt 0:00:03]} g6 {[%emt 0:00:00]} 7. Nf3 {[%emt 0:02:28]} Bg7 {[%emt 0:00:00]} 8. O-O {[%emt 0:00:42]} O-O {[%emt 0:00:53]} 9. h3 {[%emt 0:10:22]} Bf5 {[%emt 0:05:20]} 10. Bxf5 {[%emt 0:03:00]} gxf5 {[%emt 0:00:07]} 11. Ne1 {[%emt 0:00:23]} e6 {[%emt 0:04:40]} 12. Nd3 {[%emt 0:01:24]} Ne7 {[%emt 0:00:17]} 13. Ne5 {[%emt 0:09:05]} Ne4 {[%emt 0:03:00]} 14. f3 {[%emt 0:00:38]} Nf6 {[%emt 0:06:04]} 15. Qd2 {[%emt 0:07:18]} Ng6 {[%emt 0:03:49]} 16. Nxg6 {[%emt 0:04:16]} hxg6 {[%emt 0:00:05]} 17. Bg5 {[%emt 0:03:32]} Qb6 {[%emt 0:03:26]} 18. Bxf6 {[%emt 0:06:08]} Bxf6 {[%emt 0:00:06]} 19. Kh1 {[%emt 0:01:12]} Rfc8 {[%emt 0:02:50]} 20. f4 {[%emt 0:04:51]} Kg7 {[%emt 0:00:55]} 21. a4 {[%emt 0:04:52]} Rh8 {[%emt 0:01:48]} 22. Na3 {[%emt 0:03:45]} Rac8 {[%emt 0:02:01]} 23. Rab1 {[%emt 0:04:14]} Qa5 {[%emt 0:09:00]} 24. Qd1 {[%emt 0:01:25]} Rh4 {[%emt 0:01:23]} 25. Rf3 {[%emt 0:03:04]} Be7 {[%emt 0:02:13]} 26. b4 {[%emt 0:08:46]} Qc7 {[%emt 0:00:25]} 27. Qf1 {[%emt 0:00:45]} a6 {[%emt 0:01:12]} 28. Rb2 {[%emt 0:09:33]} Bd6 {[%emt 0:01:16]} 29. g3 {[%emt 0:00:34]} Rhh8 {[%emt 0:01:06]} 30. Kg2 {[%emt 0:02:13]} Qe7 {[%emt 0:01:54]} 31. h4 {[%emt 0:01:57]} a5 {[%emt 0:01:25]} 32. Nb5 {[%emt 0:02:24]} axb4 {[%emt 0:00:33]} 33. Nxd6 {[%emt 0:00:24]} Qxd6 {[%emt 0:00:04]} 34. Rxb4 {[%emt 0:00:04]} Rxc3 {[%emt 0:00:26]} 35. Rxb7 {[%emt 0:01:18]} Rc2+ {[%emt 0:01:46]} 36. Rf2 {[%emt 0:01:05]} Rhc8 {[%emt 0:01:34]} 37. Rxc2 {[%emt 0:03:22]} Rxc2+ {[%emt 0:00:06]} 38. Kh3 {[%emt 0:00:02]} Ra2 {[%emt 0:17:48]} 39. Qb5 {[%emt 0:00:31]} Qf8 {[%emt 0:19:43]} 40. Qd7 {[%emt 0:00:00]} Re2 {[%emt 0:00:00]} 41. a5 {[%emt 0:03:45]} g5 {[%emt 0:07:32]} 42. fxg5 {[%emt 0:01:33]} f4 {[%emt 0:00:05]} 43. Qc7 {[%emt 0:10:28]} e5 {[%emt 0:08:37]} 44. dxe5 {[%emt 0:05:48]} fxg3 {[%emt 0:03:31]} 45. Qc3 {[%emt 0:10:08]} Re4 {[%emt 0:06:57]} 46. e6+ {[%emt 0:03:06]} d4 {[%emt 0:00:12]} 47. Qc6 {[%emt 0:00:35]} g2 {[%emt 0:00:18]} 48. Kxg2 {[%emt 0:00:34]} 1-0

[Event "56th Rubinstein Memorial A 2020"]
[Site "Polanica Zdroj"]
[Date "2020.08.16"]
[Round "2.11"]
[White "Goluch, Piotr"]
[Black "Majocha, Piotr"]
[Result "1-0"]
[WhiteElo "2376"]
[BlackElo "1906"]
[Annotator "TA"]
[PlyCount "103"]
[EventDate "2020.08.15"]
[EventType "swiss"]
[EventCountry "POL"]
[SourceTitle "playchess.com"]
[Source "ChessBase"]
[SourceQuality "1"]

{[%evp 18,103,47,44,68,62,69,54,70,56,99,50,62,38,40,24,62,60,136,77,58,45,119,102,168,118,172,56,69,84,43,67,163,161,176,141,156,146,144,84,117,109,105,84,128,92,255,77,71,67,70,70,90,60,74,0,0,0,52,48,125,125,125,125,125,107,106,81,660,670,659,659,647,641,506,544,781,774,748,739,712,621,916,895,908,890,814,763]} 1. e4 e6 2. d4 d5 3. Nd2 Nf6 4. e5 Nfd7 5. f4 c5 6. c3 Nc6 7. Ndf3 Qb6 8. g3 cxd4 9. cxd4 Bb4+ 10. Kf2 g6 {C05: French Tarrasch: 3...Nf6 4 e5 Nfd7, 5 f4 and 5 Bd3 sidelines.} 11. Kg2 {[#]} Ndb8 $146 ({Predecessor:} 11... Nf8 12. Rb1 Bd7 13. a3 Be7 14. Be3 Rc8 15. h4 h5 16. Nh3 Na5 17. Nd2 Bb5 {½-½ (38) Nolte,O (1386)-Wiecki,J (1629) Gross Groenau 2008}) 12. a3 Be7 {White is slightly better.} 13. b4 Bd7 14. Be3 Nd8 15. Bd3 Bb5 16. Ne2 Bxd3 17. Qxd3 Ndc6 (17... a6 $14) 18. Rac1 ({White should try} 18. g4 $1) 18... Nd7 $16 19. g4 h5 (19... a6 $1 $14) 20. h3 hxg4 (20... a6 $16 {was called for.}) 21. hxg4 $18 Rxh1 (21... Rg8 $16 22. Nc3 a6) 22. Kxh1 (22. Rxh1 $18 {aiming for Rh8+.} O-O-O 23. Rh7) 22... a6 $14 23. f5 gxf5 24. gxf5 O-O-O (24... Qb5 $14 25. Qc2 O-O-O) 25. f6 $36 {[%mdl 2048] Keeping Black busy.} Rh8+ 26. Kg2 Bd8 27. Ng5 Rf8 28. Kf2 (28. Rh1 $142 $1) 28... Bc7 $16 29. Nf3 Kb8 30. Nc3 Qa7 31. Na4 Bb6 $2 (31... Rh8 $16) 32. Nc5 $2 (32. Qh7 $18 {is more deadly.}) 32... Bxc5 33. bxc5 Ka8 34. Qh7 {Threatens to win with Bh6.} Qb8 $1 35. Rg1 Qe8 $1 36. Bd2 (36. Qd3 $16) 36... Rh8 $11 37. Qg7 Ndb8 (37... b6 $11 38. cxb6 Nxb6) 38. Rg4 $14 Nd8 {[#]} (38... Na7 $14) 39. Ba5 $1 $16 {[%cal Ra5d8] Hoping for Bxd8.} Nbc6 {[#]} 40. Bc7 $1 Ka7 41. Kg2 Ka8 42. Nd2 Rh5 $2 {[%mdl 8192]} (42... Rf8 $16) 43. Qg8 $18 {White is clearly winning.} Rh8 44. Qxe8 Rxe8 45. Nf3 Ka7 46. Rg7 Rh8 47. Kf2 a5 48. a4 Ka6 49. Ke3 Rf8 50. Ng5 Ka7 51. Rh7 Ka6 52. Bd6 {Accuracy: White = 73%, Black = 57%.} 1-0

[Event "56th Rubinstein Memorial A 2020"]
[Site "Polanica Zdroj"]
[Date "2020.08.16"]
[Round "2.12"]
[White "Marszalek, Maciej"]
[Black "Turski, Bartlomiej"]
[Result "1/2-1/2"]
[WhiteElo "2315"]
[BlackElo "1985"]
[Annotator "ChessBase"]
[PlyCount "61"]
[EventDate "2020.08.15"]
[EventType "swiss"]
[EventCountry "POL"]
[SourceTitle "playchess.com"]
[Source "ChessBase"]
[SourceQuality "1"]
[TimeControl "40/5400+30:1800+30"]

1. d4 {[%emt 0:00:00]} Nf6 {[%emt 0:00:00]} 2. Nf3 {[%emt 0:00:00]} g6 {[%emt 0:00:00]} 3. g3 {[%emt 0:00:00]} Bg7 {[%emt 0:00:00]} 4. Bg2 {[%emt 0:00:00]} O-O {[%emt 0:00:10]} 5. O-O {[%emt 0:00:00]} d6 {[%emt 0:00:06]} 6. b3 {[%emt 0:00:00]} Nbd7 {[%emt 0:09:26]} 7. Bb2 {[%emt 0:01:17]} c5 {[%emt 0:01:12]} 8. c4 {[%emt 0:00:25]} Qc7 {[%emt 0:10:27]} 9. Nc3 {[%emt 0:00:50]} b6 {[%emt 0:11:48]} 10. e4 {[%emt 0:03:53]} Bb7 {[%emt 0:04:02]} 11. Re1 {[%emt 0:00:19]} a6 {[%emt 0:16:16]} 12. h3 {[%emt 0:03:26]} e6 {[%emt 0:07:35]} 13. Rc1 {[%emt 0:02:58]} cxd4 {[%emt 0:01:40]} 14. Nxd4 {[%emt 0:00:17]} Rad8 {[%emt 0:02:55]} 15. Qe2 {[%emt 0:01:53]} Qb8 {[%emt 0:00:47]} 16. Rcd1 {[%emt 0:03:36]} Rfe8 {[%emt 0:02:44]} 17. Qc2 {[%emt 0:04:12]} Qa8 {[%emt 0:03:15]} 18. Bc1 {[%emt 0:26:46]} Rc8 {[%emt 0:08:47]} 19. Nf3 {[%emt 0:02:47]} b5 {[%emt 0:05:25]} 20. Nd2 {[%emt 0:06:48]} d5 {[%emt 0:06:45]} 21. exd5 {[%emt 0:01:33]} exd5 {[%emt 0:00:36]} 22. Rxe8+ {[%emt 0:02:32]} Nxe8 {[%emt 0:00:36]} 23. Nf1 {[%emt 0:01:37]} dxc4 {[%emt 0:01:00]} 24. Nd5 {[%emt 0:00:24]} Bxd5 {[%emt 0:02:25]} 25. Bxd5 {[%emt 0:00:27]} Qa7 {[%emt 0:00:12]} 26. bxc4 {[%emt 0:04:42]} bxc4 {[%emt 0:01:50]} 27. Be3 {[%emt 0:01:39]} Qc7 {[%emt 0:00:50]} 28. Qxc4 {[%emt 0:03:38]} Qxc4 {[%emt 0:00:06]} 29. Bxc4 {[%emt 0:00:01]} Rxc4 {[%emt 0:00:08]} 30. Rxd7 {[%emt 0:00:02]} f5 {[%emt 0:01:12]} 31. Rd2 {[%emt 0:12:18]} 1/2-1/2

[Event "56th Rubinstein Memorial A 2020"]
[Site "Polanica Zdroj"]
[Date "2020.08.16"]
[Round "2.13"]
[White "Czarniecka, Aleksandra"]
[Black "Sernecki, Franciszek"]
[Result "1/2-1/2"]
[WhiteElo "2043"]
[BlackElo "2243"]
[Annotator "TA"]
[PlyCount "90"]
[EventDate "2020.08.15"]
[EventType "swiss"]
[EventCountry "POL"]
[SourceTitle "playchess.com"]
[Source "ChessBase"]
[SourceQuality "1"]

{[%evp 26,90,65,45,40,0,0,-35,0,0,0,0,0,0,0,0,0,-4,-9,-7,-16,-15,0,0,6,6,14,10,27,31,43,19,47,0,0,0,0,0,0,0,143,44,32,45,70,56,647,627,525,153,136,143,119,0,0,0,0,0,0,0,0,0,-1,-8,0,0,0]} 1. e4 c5 2. Nf3 Nc6 3. d4 cxd4 4. Nxd4 g6 5. c4 Nf6 6. Nc3 Nxd4 7. Qxd4 d6 8. Be3 Bg7 9. f3 O-O 10. Qd2 Be6 11. Rc1 Qa5 12. Nd5 Qxa2 13. Nxe7+ Kh8 14. Bd4 Rae8 {B36: Sicilian: Maroczy Bind: Gurgenidze System.} 15. Qc3 (15. Nd5 $5 Bxd5 16. cxd5 $14) 15... Nh5 16. Bxg7+ Nxg7 {Black is slightly better.} 17. b4 Qa4 ({Wrong is} 17... Rxe7 $2 18. Ra1 $18) 18. b5 a5 $1 ({But not} 18... Rxe7 $2 19. Ra1 $18) 19. Nd5 Bxd5 $1 20. cxd5 f5 21. Ra1 $132 {[%mdl 2048] White is fighting back} Qb4 22. Qxb4 axb4 23. Bd3 {[#]} fxe4 $146 ({Predecessor:} 23... Nh5 24. Kd2 fxe4 25. Bxe4 Nf6 26. Rhe1 Re5 27. Ra7 Rf7 28. Bd3 Rxe1 29. Kxe1 Nxd5 {1-0 (51) Carlsen,M (2832)-Guseinov,G (2645) chess.com INT 2017}) 24. Bxe4 Nh5 25. Rb1 Nf4 26. Kf2 Ra8 27. Rb2 Rfe8 28. Rhb1 Re5 29. Rxb4 Ra2+ 30. Kg3 Ne2+ 31. Kg4 h5+ 32. Kh4 g5+ (32... Nc3 $11 {remains equal.}) 33. Kxh5 $16 {Black must now prevent Kh6.} Nf4+ 34. Kh6 {aiming for Rc4.} Rxg2 {[%cal Rg2h2]} 35. R1b2 Ne2 $2 {[%mdl 8192]} (35... Rxb2 $14 36. Rxb2 g4) 36. h3 $18 Rh2 37. Rxe2 $2 (37. Rc4 $18 {is more deadly. Rc8+ would kill now.} Rxh3+ 38. Kg6 Nf4+ 39. Kf7 Rxe4 40. fxe4) 37... Rxe2 {[%mdl 4096] Endgame [#] KRR-KRB} 38. Rc4 $1 {[%cal Rc4c8] White threatens Rc8+ and mate.} Kg8 {[#]} 39. Rc8+ (39. Rc7 $1 $16) 39... Kf7 $11 {The position is equal.} 40. Bg6+ Ke7 41. Rc7+ Kd8 42. Rxb7 Rxd5 43. Be4 Rc5 44. Bc6 Re6+ 45. Kh5 Re7 {Accuracy: White = 82%, Black = 82%.} 1/2-1/2

[Event "56th Rubinstein Memorial A 2020"]
[Site "Polanica Zdroj"]
[Date "2020.08.16"]
[Round "2.14"]
[White "Starosciak, Szymon"]
[Black "Dahl, Christoph"]
[Result "0-1"]
[WhiteElo "1850"]
[BlackElo "2228"]
[Annotator "TA"]
[PlyCount "50"]
[EventDate "2020.08.15"]
[EventType "swiss"]
[EventCountry "POL"]
[SourceTitle "playchess.com"]
[Source "ChessBase"]
[SourceQuality "1"]

{[%evp 24,50,-6,-11,-3,-9,0,-208,-209,-400,-405,-478,-452,-504,-501,-523,-481,-823,-826,-831,-823,-857,-857,-844,-851,-1181,-1174,-1137,-1127]} 1. e4 c5 2. Nf3 d6 3. d4 cxd4 4. Nxd4 Nf6 5. Nc3 a6 6. f3 e6 7. Be3 b5 8. Qd2 Nbd7 9. O-O-O Bb7 10. Bd3 Nb6 11. g4 Nfd7 12. Kb1 Rc8 13. g5 Ne5 {B80: Sicilian Scheveningen: 6 g3 and 6 Be3, including English Attack.} 14. b3 d5 {[#] Strongly threatening ...Bb4.} 15. exd5 $146 (15. Ncxb5 $11 Bc5 16. Na7) ({Predecessor:} 15. Nce2 Bc5 16. Rhf1 Qe7 17. Ng3 O-O 18. f4 Nxd3 19. cxd3 dxe4 20. dxe4 Rfd8 21. Qf2 Nd7 22. Nc2 {½-½ (22) Della Morte,P (2147)-Lafuente,P (2291) Vicente Lopez 2000}) 15... Bb4 $1 $19 {Black is clearly better.} 16. Nc6 $2 (16. Qf2 Bxc3 17. Nc6 Nxc6 18. dxc6 Rxc6 19. Bxb5 $1 {[%mdl 512]}) 16... Bxc6 17. dxc6 {Threatens to win with Qf2.} Nd5 {Black is clearly winning.} 18. c7 Qd7 ({Not} 18... Nxc3+ {[#]} 19. Qxc3 $1 {[%mdl 512]} Qd6 20. Qd4 $16) (18... Rxc7 $2 19. Nxd5 Bxd2 20. Nxc7+ Qxc7 21. Rxd2 $19) 19. Bd4 Bxc3 20. Bxc3 (20. Bxb5 $142 axb5 21. Bxc3 Qxc7 22. Bb2) 20... Nxf3 21. Qf2 Nxc3+ 22. Kc1 Nxd1 23. Rxd1 Ne5 24. Bxb5 Qxb5 (24... axb5 $2 25. Rxd7 Nxd7 26. Qd4 $19) 25. Qd4 O-O {White did not feel at home in the position after the opening. Accuracy: White = 28%, Black = 100%.} 0-1

[Event "56th Rubinstein Memorial A 2020"]
[Site "Polanica Zdroj"]
[Date "2020.08.16"]
[Round "2.15"]
[White "Kasperek, Ryszard"]
[Black "Siekanska, Maria"]
[Result "1-0"]
[WhiteElo "2202"]
[BlackElo "1928"]
[Annotator "RC"]
[PlyCount "45"]
[EventDate "2020.08.15"]
[EventType "swiss"]
[EventCountry "POL"]
[SourceTitle "playchess.com"]
[Source "ChessBase"]
[SourceQuality "1"]
[TimeControl "40/5400+30:1800+30"]

1. e4 {[%emt 0:00:00]} c5 {[%emt 0:00:00]} 2. Nf3 {[%emt 0:00:00]} e6 {[%emt 0:00:00]} 3. d4 {[%emt 0:00:00]} cxd4 {[%emt 0:00:00]} 4. Nxd4 {[%emt 0:00:00]} Nf6 {[%emt 0:00:00]} 5. Nc3 {[%emt 0:00:24]} d6 {[%emt 0:00:02]} 6. g4 {[%emt 0:01:08]} Nc6 {[%emt 0:00:09]} 7. g5 {[%emt 0:00:27]} Nd7 {[%emt 0:00:08]} 8. Be3 {[%emt 0:00:09]} Be7 {[%emt 0:00:13]} 9. h4 {[%emt 0:01:22]} O-O {[%emt 0:00:27]} 10. Qd2 {[%emt 0:00:31]} Nde5 {[%emt 0:00:52]} 11. O-O-O {[%emt 0:06:04]} Ng4 {[%emt 0:00:28]} 12. Ndb5 {[%emt 0:09:52]} Nxe3 {[%emt 0:01:54]} 13. Qxe3 {[%emt 0:03:05]} a6 {[%emt 0:06:23]} 14. Nxd6 {[%emt 0:04:04]} Bxd6 {[%emt 0:00:17]} 15. e5 {[%emt 0:00:13]} Nxe5 {[%emt 0:08:04]} 16. Ne4 {[%emt 0:02:16]} Qa5 {[%emt 0:00:54]} 17. Nxd6 {[%emt 0:06:31]} Nc6 {[%emt 0:13:46]} 18. Bc4 {[%emt 0:20:15]} b5 {[%emt 0:05:18]} 19. Bb3 {[%emt 0:02:17]} Ne7 {[%emt 0:06:31]} 20. h5 {[%emt 0:08:19]} Nd5 {[%emt 0:01:36]} 21. Qe5 {[%emt 0:01:46]} Ra7 {[%emt 0:06:04]} 22. Nxc8 {[%emt 0:06:31]} Rxc8 {[%emt 0:00:15]} 23. h6 {[%emt 0:00:07]} 1-0